MLB Pitchers with 3.00 or lower ERA and 200+ Strikeout Seasons - 2010s - Statistics

General Stats
  • This quiz has been taken 82 times
  • The average score is 46 of 69
Answer Stats
Year Answer ERA Strikeouts % Correct
2017 Clayton Kershaw 2.31 202
98%
2015 Clayton Kershaw 2.13 301
98%
2014 Clayton Kershaw 1.77 239
98%
2013 Clayton Kershaw 1.83 232
98%
2012 Clayton Kershaw 2.53 229
98%
2011 Clayton Kershaw 2.28 248
98%
2010 Clayton Kershaw 2.91 212
98%
2019 Justin Verlander 2.58 300
98%
2018 Justin Verlander 2.52 290
98%
2012 Justin Verlander 2.64 239
98%
2011 Justin Verlander 2.40 250
98%
2019 Max Scherzer 2.92 243
96%
2018 Max Scherzer 2.53 300
96%
2017 Max Scherzer 2.51 268
96%
2016 Max Scherzer 2.96 284
96%
2015 Max Scherzer 2.79 276
96%
2013 Max Scherzer 2.90 240
96%
2019 Gerrit Cole 2.50 326
89%
2018 Gerrit Cole 2.88 276
89%
2015 Gerrit Cole 2.60 202
89%
2019 Jacob deGrom 2.43 259
86%
2018 Jacob deGrom 1.70 269
86%
2015 Jacob deGrom 2.54 205
86%
2014 Zack Greinke 2.71 207
84%
2018 Chris Sale 2.11 237
82%
2017 Chris Sale 2.90 308
82%
2014 Chris Sale 2.17 208
82%
2015 Zach Greinke 1.66 200
73%
2014 Felix Hernandez 2.14 248
70%
2010 Felix Hernandez 2.27 232
70%
2016 Madison Bumgarner 2.74 251
70%
2015 Madison Bumgarner 2.93 234
70%
2014 Madison Bumgarner 2.98 219
70%
2011 CC Sabathia 3.00 230
68%
2015 David Price 2.45 225
63%
2012 David Price 2.56 205
63%
2014 Jon Lester 2.46 220
63%
2010 Roy Halladay 2.44 219
63%
2011 Roy Halladay 2.35 220
61%
2017 Stephen Strasburg 2.52 204
61%
2011 Tim Lincecum 2.74 220
61%
2015 Jake Arrieta 1.77 236
59%
2018 Corey Kluber 2.89 222
55%
2017 Corey Kluber 2.25 265
55%
2014 Corey Kluber 2.44 269
55%
2013 Adam Wainwright 2.94 219
54%
2010 Adam Wainwright 2.42 213
54%
2018 Blake Snell 1.89 221
54%
2014 Johnny Cueto 2.25 242
54%
2012 R.A. Dickey 2.73 230
54%
2013 Cliff Lee 2.87 222
52%
2011 Cliff Lee 2.40 238
52%
2016 Noah Syndergaard 2.60 218
50%
2015 Dallas Keuchel 2.48 216
48%
2016 Jose Fernandez 2.86 253
48%
2013 Yu Darvish 2.83 277
48%
2018 Aaron Nola 2.37 224
46%
2019 Sonny Gray 2.87 205
46%
2018 Trevor Bauer 2.21 221
38%
2017 Robbie Ray 2.89 218
34%
2012 Gio Gonzalez 2.89 207
32%
2013 Anibal Sanchez 2.57 202
30%
2017 Luis Severino 2.98 230
29%
2010 Ubaldo Jimenez 2.88 214
25%
2011 James Shields 2.82 225
21%
2011 C.J. Wilson 2.94 206
14%
2014 Jeff Samardzija 2.99 202
11%
2019 Jack Flaherty 2.75 231
7%
2018 Mike Foltynewicz 2.85 202
2%
No matching quizzes found
Score Distribution
Percent of People with Each Score
Percentile by Number Answered
Your Score History
You have not taken this quiz